00756nam a22002057a 4500999001900000005001700019010001500036020003100051035001600082037001300098082001100111100002200122245005100144250001200195260002900207270014300236300002600379942002500405952012000430 c181399d18139920210913111741.0 aENG-129912 a978-93-8999-149-9c3250.00 a EN-113444 bDBAD/PUB a340.03 dAiyar,P Ramamatha aConcise law Dictionary :cby P Ramanatha Aiyar a7th ed. bLexis NexisaIndiac2020 bGurgaone122002a14th Floor , Building No 10, Tower-B, DLF Cyber City, phase -llk+91 124 4774444l+91 124 4774100mhelp.in@lexisnexis.com axxi,1570p.c25cm(pbk) 2ddccENh340.03mAIR 001040708REFaLbLd2021-09-13eDBAD/PUBg1095.00l0o340.03 AIRpEN-113444r2021-09-13 00:00:00t1v1095.00yEN